National Parks In South Dakota - Statistics

General Stats
  • This quiz has been taken 5 times
  • The average score is 3 of 5
Answer Stats
Type Answer % Correct
NP Wind Cave
100%
NP Badlands
75%
NM Jewel Cave
75%
N MEM Mount Rushmore
75%
NHS Minuteman Missile
0%
No matching quizzes found
Score Distribution
Percent of People with Each Score
Percentile by Number Answered
Your Score History
You have not taken this quiz